000 00339nam a22001457a 4500
020 _a978-0070994874
041 _aENG
100 _aPlummer. D.T
245 _aAn Introduction To Practical Blochemistry
250 _aThirs Ed
260 _aDelhi
_bTata McGraw -Hill
_c1971
300 _a332
650 _aAPE
856 _uAPE ( 02 )
999 _c1641
_d1641